| 000 | 00000nam 2200000zi 4500 |
| 001 | 9.901668 |
| 003 | CaOODSP |
| 005 | 20240418122028 |
| 006 | m o d f |
| 007 | cr cn||||||||| |
| 008 | 210714t20212020quc o f000 0 fre d |
| 020 | |a9780660396446 |
| 040 | |aCaOODSP|bfre|erda|cCaOODSP |
| 043 | |an-cn--- |
| 045 | |ay1y1 |
| 086 | 1 |aEn4-440/2021F-PDF |
| 245 | 00|aÉvaluation des activités d'Environnement et changement climatique Canada dans le cadre du Plan de protection des océans. |
| 246 | 17|aÉvaluation des activités d'ECCC dans le cadre du Plan de protection des océans |
| 264 | 1|aGatineau (Québec) : |bEnvironnement et changement climatique Canada = Environment and Climate Change Canada, |c2021. |
| 264 | 4|c©2020 |
| 300 | |a1 ressource en ligne (iii, 16 pages) |
| 336 | |atexte|btxt|2rdacontent/fre |
| 337 | |ainformatique|bc|2rdamedia/fre |
| 338 | |aressource en ligne|bcr|2rdacarrier/fre |
| 500 | |aTitre de la couverture. |
| 500 | |a« Février 2021. » |
| 500 | |aPublié aussi en anglais sous le titre : Evaluation of the Environment and Climate Change Canada components of the Oceans Protection Plan. |
| 520 | |a« Le présent rapport d'évaluation présente les résultats à mi-parcours concernant les activités d'ECCC dans le cadre du Plan de protection des océans (PPO) d'Environnement et Changement climatique Canada (ECCC). La période d'évaluation couverte s'étend d'avril 2017 à septembre 2019 » -- Sommaire, page i. |
| 610 | 16|aCanada. |bEnvironnement et changement climatique Canada|xÉvaluation. |
| 650 | 6|aDéversements de pétrole|zCanada|xGestion|xPlanification|xÉvaluation. |
| 650 | 6|aGestion des situations d'urgence|zCanada|xÉvaluation. |
| 650 | 6|aServices de météorologie maritime|zCanada|xÉvaluation. |
| 710 | 1 |aCanada. |bEnvironnement et changement climatique Canada. |bDivision de l'évaluation, |eorganisme de publication. |
| 775 | 08|tEvaluation of the Environment and Climate Change Canada components of the Oceans Protection Plan.|w(CaOODSP)9.901667 |
| 856 | 40|qPDF|s387 Ko|uhttps://publications.gc.ca/collections/collection_2021/eccc/En4-440-2021-fra.pdf |
| 856 | 4 |qHTML|sS.O.|uhttps://www.canada.ca/fr/environnement-changement-climatique/organisation/transparence/priorites-gestion/evaluations/activites-cadre-plan-protection-oceans.html |
| 986 | |a21143 |